Leonardo da Vinci / (Record no. 1975)

MARC details
000 -LEADER
fixed length control field 01271cam a2200337 a 4500
001 - CONTROL NUMBER
control field 1975
003 - CONTROL NUMBER IDENTIFIER
control field FISKH
005 - DATE AND TIME OF LATEST TRANSACTION
control field 20231024084225.0
008 - FIXED-LENGTH DATA ELEMENTS--GENERAL INFORMATION
fixed length control field 950712s1996 nyua j b 000 0 eng
010 ## - LIBRARY OF CONGRESS CONTROL NUMBER
LC control number 95035227
020 ## - INTERNATIONAL STANDARD BOOK NUMBER
International Standard Book Number 0688104371 (tr)
020 ## - INTERNATIONAL STANDARD BOOK NUMBER
International Standard Book Number 9780688161552
040 ## - CATALOGING SOURCE
Original cataloging agency DLC
Transcribing agency DLC
Modifying agency DLC
Language of cataloging eng
042 ## - AUTHENTICATION CODE
Authentication code lcac
050 00 - LIBRARY OF CONGRESS CALL NUMBER
Classification number N6923.L33
Item number S72 1996
082 00 - DEWEY DECIMAL CLASSIFICATION NUMBER
Classification number 709/.2
-- B
Edition number 20
100 1# - MAIN ENTRY--PERSONAL NAME
Personal name Stanley, Diane.
245 10 - TITLE STATEMENT
Title Leonardo da Vinci /
Statement of responsibility, etc. Diane Stanley.
260 ## - PUBLICATION, DISTRIBUTION, ETC.
Place of publication, distribution, etc. New York :
Name of publisher, distributor, etc. Harper Trophy,
Date of publication, distribution, etc. 1996.
300 ## - PHYSICAL DESCRIPTION
Extent 48 unnumbered pages :
Other physical details color illustrations ;
Dimensions 28 cm
505 ## - FORMATTED CONTENTS NOTE
Formatted contents note Z'<br/>
520 ## - SUMMARY, ETC.
Summary, etc. A biography of the Italian Renaissance artist and inventor who, at about age thirty, began writing his famous notebooks which contain the outpourings of his amazing mind.
521 8# - TARGET AUDIENCE NOTE
Target audience note 1010 <br/>
Source Lexile NC <br/>
521 8# - TARGET AUDIENCE NOTE
Target audience note Z'<br/>
Source Raz-Plus<br/>
600 00 - SUBJECT ADDED ENTRY--PERSONAL NAME
Personal name Leonardo,
Titles and other words associated with a name da Vinci,
Dates associated with a name 1452-1519
General subdivision Criticism and interpretation
Form subdivision Juvenile literature.
600 01 - SUBJECT ADDED ENTRY--PERSONAL NAME
Personal name Leonardo,
Titles and other words associated with a name da Vinci,
Dates associated with a name 1452-1519.
650 #1 - SUBJECT ADDED ENTRY--TOPICAL TERM
Topical term or geographic name entry element Artists.
906 ## - LOCAL DATA ELEMENT F, LDF (RLIN)
a 7
b cbc
c orignew
d 1
e ocip
f 19
g y-gencatlg
942 ## - ADDED ENTRY ELEMENTS (KOHA)
Source of classification or shelving scheme Dewey Decimal Classification
Koha item type Books
Suppress in OPAC No
Holdings
Withdrawn status Lost status Source of classification or shelving scheme Damaged status Not for loan Collection Home library Current library Shelving location Date acquired Total Checkouts Full call number Barcode Date last seen Price effective from Koha item type
    Dewey Decimal Classification     Non-Fiction Footprints International School Library Network Toul Kork Campus Footprints International School Library Network Toul Kork Campus   10/24/2023   STA 709.2 N6923.L33 FISTK01671 10/24/2023 10/24/2023 Books